000
00320nam a22001337a 4500
008
181031b xxu||||| |||| 00| 0 eng d
020
_a
9780765702531
041
_a
eng
080
_a
159.9
100
_a
49
101
_a
PSY
245
_a
Psychotherapies With Children And Adolescents
_c
John.O.B
942
_2
udc
_c
BK
999
_c
51347
_d
51347